书目信息 |
| 题名: |
小说词语汇释
|
|
| 作者: | 陆澹安 著 | |
| 分册: | ||
| 出版信息: | 上海 上海古籍出版社 1979.10 |
|
| 页数: | 930页 | |
| 开本: | 20cm | |
| 丛书名: | ||
| 单 册: | ||
| 中图分类: | H134 | |
| 科图分类: | ||
| 主题词: | 汉语--词汇--近代 | |
| 电子资源: | ||
| ISBN: | ||
| 000 | 00528nam0 2200205 45 | |
| 001 | 0312221749 | |
| 005 | 20060612090204.98 | |
| 010 | @dCNY4.65@b精装 | |
| 091 | @a17186.9 | |
| 100 | @a20031222d1979 km y0chiy0120 ea | |
| 101 | @achi | |
| 200 | 1 | @a小说词语汇释@AXiao Shuo Ci Yu Hui Shi@f陆澹安著@FLu Dan An Zhu |
| 205 | @a新1版 | |
| 210 | @a上海@c上海古籍出版社@d1979.10 | |
| 215 | @a930页@d20cm | |
| 606 | 0 | @a汉语@x词汇@x近代 |
| 690 | @aH134@v3 | |
| 701 | 0 | @a陆澹安@4著 |
| 801 | @aCN@bTSTCL@c20060612 | |
| 905 | @dH134@e60=2 | |
| 小说词语汇释/陆澹安著.-新1版.-上海:上海古籍出版社,1979.10 |
| 930页;20cm |
| ISBN (精装):CNY4.65 |
| ● |
| 相关链接 |
|
|
|
|
正题名:小说词语汇释
索取号:H134/60=2
 
预约/预借
| 序号 | 登录号 | 条形码 | 馆藏地/架位号 | 状态 | 备注 |
| 1 | 0078925 | 000808219 | 第四借阅区/ [索取号:H134/60=2] | 在馆 | |
| 2 | 0078926 | 000808326 | 第四借阅区/ [索取号:H134/60=2] | 在馆 | |
| 3 | 0078927 | 000808282 | 第四借阅区/ [索取号:H134/60=2] | 在馆 | |
| 4 | 0078928 | 000808255 | 第四借阅区/ [索取号:H134/60=2] | 在馆 | |
| 5 | 0078929 | 000808317 | 第四借阅区/ [索取号:H134/60=2] | 在馆 | |
| 6 | 0078930 | 000962925 | 第二样本阅览室/ [索取号:H134/60=2] | 在馆 | |
| 7 | 0097222 | 000808264 | 第四借阅区/ [索取号:H134/60=2] | 在馆 | |
| 8 | 0097223 | 000808273 | 第四借阅区/ [索取号:H134/60=2] | 在馆 | |
| 9 | 0097224 | 000808308 | 第四借阅区/ [索取号:H134/60=2] | 在馆 | |
| 10 | 0106653 | 002024972 | 工具书阅览室/ [索取号:H134/60=2] | 在馆 | |
| 11 | 0420407 | 204204075 | 密集书库/ [索取号:H134/60=2] | 在馆 | |
| 12 | 0444482 | 204444823 | 密集书库/ [索取号:H134/60=2] | 在馆 | |
| 13 | 0450860 | 204508602 | 密集书库/ [索取号:H134/60=2] | 在馆 |